Boston Celtics Leaders of the Last 10 Years - Statistics

General Stats
  • This quiz has been taken 53 times
    10 since last reset
  • The average score is 46 of 50
Answer Stats
Stat # Player % Correct
Points 5221 Al Horford
100%
Rebounds 3155 Al Horford
100%
Assists 1676 Al Horford
100%
Steals 307 Al Horford
100%
Blocks 516 Al Horford
100%
Points 3658 Derrick White
100%
Rebounds 1032 Derrick White
100%
Assists 1151 Derrick White
100%
Steals 215 Derrick White
100%
Blocks 259 Derrick White
100%
Points 4022 Isaiah Thomas
100%
Assists 957 Isaiah Thomas
100%
Points 11436 Jaylen Brown
100%
Rebounds 3208 Jaylen Brown
100%
Assists 1589 Jaylen Brown
100%
Steals 612 Jaylen Brown
100%
Blocks 228 Jaylen Brown
100%
Points 13784 Jayson Tatum
100%
Rebounds 4293 Jayson Tatum
100%
Assists 2243 Jayson Tatum
100%
Steals 639 Jayson Tatum
100%
Blocks 384 Jayson Tatum
100%
Blocks 174 Kristaps Porzingis
100%
Points 3062 Kyrie Irving
100%
Assists 770 Kyrie Irving
100%
Steals 168 Kyrie Irving
100%
Points 5618 Marcus Smart
100%
Rebounds 1836 Marcus Smart
100%
Assists 2492 Marcus Smart
100%
Steals 815 Marcus Smart
100%
Blocks 196 Marcus Smart
100%
Points 2049 Avery Bradley
89%
Steals 185 Avery Bradley
89%
Assists 572 Jrue Holiday
89%
Points 3153 Payton Pritchard
89%
Rebounds 952 Payton Pritchard
89%
Assists 883 Payton Pritchard
89%
Steals 185 Payton Pritchard
89%
Rebounds 993 Grant Williams
78%
Blocks 148 Grant Williams
78%
Rebounds 1447 Robert Williams
78%
Blocks 348 Robert Williams
78%
Rebounds 1243 Daniel Theis
67%
Blocks 231 Daniel Theis
67%
Steals 199 Jae Crowder
67%
Points 2090 Terry Rozier
67%
Rebounds 973 Terry Rozier
67%
Assists 631 Terry Rozier
67%
Steals 200 Terry Rozier
67%
Blocks 205 Luke Kornet
56%
No matching quizzes found
Score Distribution
Percent of People with Each Score
Percentile by Number Answered
Your Score History
You have not taken this quiz since the last reset